Normal view MARC view
  • Norliza Abu Bakar,

Entry Personal Name

Number of records used in: 1

001 - CONTROL NUMBER

  • control field: 8940

003 - CONTROL NUMBER IDENTIFIER

  • control field: OSt

005 - DATE AND TIME OF LATEST TRANSACTION

  • control field: 20170726123400.0

008 - FIXED-LENGTH DATA ELEMENTS

  • fixed length control field: 170726|| aca||aabn | a|a d

040 ## - CATALOGING SOURCE

  • Original cataloging agency: OSt
  • Transcribing agency: OSt

100 ## - HEADING--PERSONAL NAME

  • Personal name: Norliza Abu Bakar,
  • Relator term: translator.

670 ## - SOURCE DATA FOUND

  • Source citation: Work cat.: (OSt)0: Covey, Stephen R., author. 1295, The 3rd ALTERNATIVE /
Pusat Sumber Maklumat Dato' Haji Sarmin Md Hussin, Akademi Kastam Diraja Malaysia, Melaka
Tel: 06-2331106 | Faks: 06-2313787